Bayern München Kader 2024/25 - Statistiken

Allgemein
  • Dieses Quiz wurde 478 mal gespielt
    273 seit der letzten Aktualisierung
  • Das Durchschnittsergebnis liegt bei 21 aus 27
Antwortstatistiken
Nationalität Spieler % Korrekt
Deutschland Manuel Neuer
98%
Südkorea Min-Jae Kim
98%
England Harry Kane
97%
Kanada Alphonso Davies
95%
Frankreich Dayot Upamecano
93%
Deutschland Joshua Kimmich
93%
Deutschland Serge Gnabry
90%
Österreich Konrad Laimer
89%
Deutschland Leon Goretzka
89%
Deutschland Leroy Sane
88%
Frankreich Kingsley Coman
86%
Deutschland Thomas Müller
86%
Deutschland Jamal Musiala
85%
Frankreich Michael Olise
84%
England Eric Dier
81%
Japan Hiroki Ito
80%
Israel Daniel Peretz
78%
Deutschland Jonas Urbig
78%
Kroatien Josip Stanisic
78%
Deutschland Sven Ulreich
75%
Deutschland Aleksandar Pavlovic
74%
Portugal Raphael Guerreiro
74%
Frankreich Sacha Boey
64%
Portugal Joao Palhinha
61%
Frankreich Mathys Tel
56%
Marokko Adam Aznou
35%
Deutschland Arijon Ibrahimovic
18%
Keine übereinstimmenden Quizze gefunden
Verteilung der Resultate
Anzahl Personen mit jedem Resultat
Perzentil nach korrekt beantworteten Fragen
Ihre Resultats-Entwicklung
Sie haben dieses Quiz seit der letzten Aktualisierung nicht gespielt